Nyms by Relation - Statistics

General Stats
  • This quiz has been taken 2 times
  • The average score is 10 of 15
Answer Stats
Word Relation Nym Word % Correct
National Aeronautics and Space Administration NASA Acronym
100%
Big Small Antonym
100%
Germany Deutschland Endonym
100%
Deutschland Germany Exonym
100%
Bored Board Homonym
100%
Samuel Clemens Mark Twain Pseudonym
100%
Big Large Synonym
100%
Paris Parisian Demonym
50%
Julius Caesar July Eponym
50%
Bow Bow Heteronym
50%
Zendaya Maree Stoermer Coleman Zendeya Mononym
50%
[Place] [Its Name] Toponym
50%
Cleave Cleave Contronym
0%
China Sino Ethnonym
0%
Guitar Acoustic Guitar Retronym
0%
No matching quizzes found
Score Distribution
Percent of People with Each Score
Percentile by Number Answered
Your Score History
You have not taken this quiz